000 00907nas a2200277 4500
001 BR2011006643
003 BR-BrBNA
005 20231205115713.0
007 ta
008 230509b bl.|||p| |||| 00| 00por d
040 _aBR-BrBNA
_bpor
_cBiblioteca Nacional de Agricultura
041 _a(Pt)
072 _aF63
100 1 _aDenardi, F.
100 1 _aStuker, H.
245 1 _aEficiência de diferentes cultivares de macieira como polinizadoras da 'Castel Gala' e da 'Condessa'
246 1 _aEfficiency of different cultivars as pollinizers for 'Castel Gala' and 'Condessa' apples
650 _aMAÇÃ
650 _aMALUS DOMESTICA
650 _aPOLINIZAÇÃO
650 _aFRUTIFICAÇÃO
650 _aFRUTO
773 0 _tAgropecuária Catarinense (Brazil)
_xISSN 0103-0779
_g(Mar 2008), v. 21(1) p. 79-83
_wBR2011006643
909 _a202311
_bLúcia
_c55
_dLúcia Elande
942 _2AGRIS
_n0
_cANA
999 _c215298
_d215298